000 00323 a2200157 4500
001 178556
020 _a
040 _cMagnum
100 _aGomes, Alvaro Cardoso
240 1 0 _aO elefante xadrez
_lpor
245 1 0 _aO elefante xadrez
362 0 _a1899
440 1 _aFTD
697 _aMAGNITO: I/ANIMAIS
942 _cBK
999 _c178556
_d178556